000 00290nam a22001337a 4500
008 190205b xxu||||| |||| 00| 0 eng d
020 _a9780976284598
041 _aeng
080 _21st
_a341
100 _a15
101 _aSHJ
245 _aMBE Bar Review
_cErrico,P.R
942 _2udc
_cBK
999 _c53948
_d53948